Statistiken für Wertvollste Bundesliga Spieler geboren im Dezember

Klicken Sie hier um das Quiz zu spielen!

Allgemein

  • Dieses Quiz wurde 28 mal gespielt
  • Das Durchschnittsergebnis liegt bei 3 aus 14

Antwortstatistiken

MarktwertSpielerTeam% Korrekt
6,5 MioMats HummelsBorussia Dortmund
62%
33 MioNico SchlotterbeckBorussia Dortmund
58%
22 MioGregor KobelBorussia Dortmund
54%
16 MioRandal Kolo MuaniEintracht Frankfurt
23%
5 MioYann SommerBorussia M'gladbach
23%
8 MioJoe ScallyBorussia M'gladbach
19%
15 MioKonstantinos MavropanosVFB Stuttgart
15%
12 MioReece OxfordFC Augsburg
15%
20 MioJeremie FrimpongBayer 04 Leverkusen
12%
18 MioLukas NmechaVFL Wolfsburg
12%
8 MioMarvin FriedrichBorussia M'gladbach
8%
8 MioMaximilian EggesteinSC Freiburg
8%
25 MioRaphaël GuerreiroBorussia Dortmund
4%
5 MioSepp van den BergHertha BSC
4%

Verteilung der Resultate

Perzentil nach korrekt beantworteten Fragen

Anzahl Personen mit jedem Resultat

Ihre Resultats-Entwicklung

Sie haben dieses Quiz noch nicht gespielt